Word Ladder: Thanksgiving Relish Quiz Stats

 Plays Quiz Updated Nov 22, 2012

     
Support Sporcle.
Go Orange.
Score 0/12 Timer 02:00
0 Plays Today
✿ HINT ✿ ✿ WORD ✿ % Correct
OvercookBURN
95.6%
Green ____ CasseroleBEAN
94.6%
✿ PUT UNDER GROUND ✿✿ BURY ✿
94.3%
Swiss CapitalBERN
90.1%
Cereal componentBRAN
71.4%
Use an expletiveCUSS
71.1%
Like ants or beesBUSY
64.3%
✿ OCEAN SPRAY PREFIX ✿✿ CRAN ✿
63.2%
Mama ____ ElliotCASS
62.6%
KissBUSS
57.4%
Corvine exclamationsCAWS
33.8%
✿ TOOTHY TOOLS ✿✿ SAWS ✿
26.5%

Today's Daily Dose

From the Vault

Typing Challenge-ception

by guilherme_4

This quiz understands what you go through when you take a typing challenge.
Remove Ads.
Support Sporcle.
Get the best of Sporcle when you Go Orange. This ad-free experience offers more features, more stats, and more fun while also helping to support Sporcle. Thank you for becoming a member.

Show Comments

Extras

Top Quizzes Today


Score Distribution

Your Account Isn't Verified!

In order to create a playlist on Sporcle, you need to verify the email address you used during registration. Go to your Sporcle Settings to finish the process.

Report this User

Report this user for behavior that violates our Community Guidelines.

Details: